Library Logo

Pioneer International University Library Catalogue

SEVASADAN PREMCHAND (Record no. 9359)

MARC details
000 -LEADER
fixed length control field 00308nam a22001217a 4500
005 - DATE AND TIME OF LATEST TRANSACTION
control field 20250901165809.0
008 - FIXED-LENGTH DATA ELEMENTS--GENERAL INFORMATION
fixed length control field 250320b |||||||| |||| 00| 0 eng d
020 ## - INTERNATIONAL STANDARD BOOK NUMBER
Linkage 9780195696585
050 ## - LIBRARY OF CONGRESS CALL NUMBER
Classification number PK 2098 .P74 2014
245 ## - TITLE STATEMENT
Title SEVASADAN PREMCHAND
Statement of responsibility, etc. SHINGAVI SNEHAL
260 ## - PUBLICATION, DISTRIBUTION, ETC.
Place of publication, distribution, etc. INDIA
Name of publisher, distributor, etc. OXFORD
Date of publication, distribution, etc. 2014
942 ## - ADDED ENTRY ELEMENTS (KOHA)
Source of classification or shelving scheme Library of Congress Classification
Holdings
Withdrawn status Lost status Source of classification or shelving scheme Damaged status Not for loan Collection Home library Current library Shelving location Date acquired Source of acquisition Total checkouts Full call number Barcode Date last seen Price effective from Koha item type
    Library of Congress Classification       Main Library Main Library   03/20/2025 Donation from KICD   PK 2098 .P74 2014 PIUD0000354 03/20/2025 03/20/2025 Books
    Library of Congress Classification       Main Library Main Library   03/20/2025 Donation from KICD   PK 2098 .P74 2014 PIUD0000355 03/20/2025 03/20/2025 Books